000 00634nam a2200253Ia 4500
008 171120s9999 xx 000 0 und d
020 _a9.789719916e+012
050 _a610
050 _bO588 2011
100 _aOng, Willie
245 _aStay younger live healthier :
245 _bWith 200 important health tips /
245 _cby Willie Ong and Liza Ong.
250 _aFirst edition
260 _aPhilippines :
260 _bAnna Liza Ong,
260 _c2011
300 _a164 pages :
300 _billustrations ;
300 _c19cm.
650 _aHealth self-care.
700 _aOng, Liza.
700 _aTitle.
999 _c345233
_d345233